| 000 | 00619nam a2200181 a 4500 | ||
|---|---|---|---|
| 001 | 2618 | ||
| 005 | 20140414131939.0 | ||
| 008 | 050607s19uu xx 00 eng d | ||
| 020 | _a0-439-16354-4 | ||
| 050 |
_aTR 411 _bW66 2000 |
||
| 100 | _aWillenken, Roberta | ||
| 245 |
_aLearn-the-alphabet : _barts and crafts / _cby Roberta Willenken. |
||
| 260 |
_aJefferson City, MO : _bScholastic Professional Books, _c2000. |
||
| 300 | _a128 p. : ill. ; cm. | ||
| 520 | _aEasy letter-by-letter arts & crafts projects that turn into beautiful take-home ABC books. | ||
| 650 |
_aCrafts _xJuvenile literature. |
||
| 999 |
_c112552 _d112552 |
||